| 000 | 00455nam a22001217a 4500 | ||
|---|---|---|---|
| 082 | _a200 THE | ||
| 100 |
_aSaman Cheema _915566 |
||
| 245 | _aTH-SOF-1324-A Balenced Energy Asaptive Routing with Sector-based Node Selectopm in Underwater Wireless Sensor Netwprls | ||
| 260 |
_aIslamabad _bNUST College of EME _c2016 |
||
| 650 | _a MS-ELECT-79 MSTHESIS | ||
| 700 |
_aSupervisor Dr. Shahzad Amin Sheikh Co-supervisor: Dr. Nadeem Javaid _969902 |
||
| 942 | _cCF | ||
| 999 |
_c576986 _d576986 |
||